Pasy rzeźby terenu Polski (z mapą) - Statystyki

Ogólne statystyki
  • Ten quiz został rozwiązany 197 razy
  • Średni wynik to 5 z 6
Odpowiedzi na mapie
Odpowiedzi zakodowano w zielono-czerwonej skali na mapie do tego quizu, zgodnie z poniższymi procentami.
 
Statystyki odpowiedzi
Pas rzeźby terenu % Poprawnych
Pas {Nizin}
96%
Pas {Gór}
93%
Pas {Wyżyn}
93%
Pas {Pojezierzy}
90%
Pas {Kotlin}
86%
Pas {Pobrzeży}
78%
Nie znaleziono quizów pasujących do podanych kryteriów
Rozkład punktacji
Procent ludzi z każdym wynikiem
Percentyl według liczby udzielonych odpowiedzi
Twoja historia wyników
Nie rozwiązałeś tego quizu